A ameaça da Bola-F (Registo nº 201915)
[ vista simples ]
| 000 -Etiqueta do registo | |
|---|---|
| Valores | 00746nam 22002413 4500 |
| 010 ## - Número ISBN | |
| ISBN | 978-972-23-5222-2 |
| 021 ## - Número do Depósito Legal | |
| Código do país | Portugal |
| Número | 371730/14 |
| 100 ## - Dados gerais de processamento | |
| Dados gerais | 20260422d u||y0pory50 ba |
| 200 ## - Titulo e menção de responsabilidade | |
| Título próprio | A ameaça da Bola-F |
| Primeira menção de responsabilidade | Nuno Magalhães Guedes |
| Outras menções de responsabilidade | ilustrações de Pedro Potier |
| 205 ## - Menção da edição | |
| Edição | 9ª |
| 210 ## - Publicação | |
| Local de publicação | Barcarena |
| Nome do editor | Editorial Presença |
| Data de publicação | 2014 |
| 215 ## - Descrição física | |
| Paginação / Volumes | 118 p. |
| Outras indicações físicas | brochado |
| Dimensões | 20 cm |
| 225 ## - Colecção | |
| Título próprio da colecção | Objectivo Golo |
| Indicação de volume | 1 |
| 300 ## - Notas gerais | |
| Texto da nota | Ler+ - Plano Nacional de Leitura |
| 606 ## - Nome comum usado como assunto | |
| Palavra de ordem | Literatura Juvenil Portuguesa |
| ID Autoridade | 51 |
| 675 ## - CDU | |
| Notação | 821.134.3-93 |
| Edição | PT |
| Língua | por |
| 700 ## - Autor principal (pessoa individual) | |
| ID Autoridade | 2079 |
| Apelido | Guedes |
| Nome | Nuno Magalhães |
| Datas | 1958- |
| 702 ## - Autor secundário (pessoa individual) | |
| ID Autoridade | 2080 |
| Apelido | Potier |
| Nome | Pedro |
| Datas | 1975- |
| 801 ## - Fonte de origem | |
| País | PT |
| Agência | BMMN |
| Regras de catalogação | RPC |
| 830 ## - Notas gerais do catalogador | |
| Criado por | Ana Caetano/ Isabel |
| 990 ## - Elementos KOHA | |
| Tipo de documento | Livro |
| Situação do levantamento | Biblioteca de origem | Código de barras | Cota | Permissão de empréstimo | Tipo de documento | Forma de aquisição |
|---|---|---|---|---|---|---|
| Biblioteca Municipal de Montemor-o-Novo | 31315 | 821.134.3-93 GUE|AIJ | Livro | Oferta |